| 000 | 00409nam a2200157Ia 4500 | ||
|---|---|---|---|
| 008 | 220216s9999 xx 000 0 und d | ||
| 100 | _aSekhar B C | ||
| 245 | 0 | _aNatural rubber: Past, present and future | |
| 260 |
_bNatural Rubber Research _c2004 |
||
| 300 | _a8-Jan | ||
| 650 | _aNatural rubber | ||
| 650 | _aNatural rubber | ||
| 650 | _aRubber production | ||
| 650 | _aRubber production | ||
| 942 | _cAR | ||
| 999 |
_c47281 _d47281 |
||